| 000 | 00963nam a22002297a 4500 | ||
|---|---|---|---|
| 999 |
_c19456 _d19456 |
||
| 003 | AR-CdUCM | ||
| 008 | 190517b ||||| |||| 00| 0 spa d | ||
| 040 |
_aMUNICIPALIDAD PROVINCIAL DEL CUSCO _cBIBLIOTECA MUNICIPAL DEL CUSCO |
||
| 082 |
_a636 / _bB16 |
||
| 100 |
_aBailey, J. W. _940787 |
||
| 245 |
_aCuidados y tratamientos de las enfermedades de las aves : _bprontuario del avicultor / |
||
| 260 |
_aBarcelona : _bAedos, _c1962. |
||
| 300 |
_a312 paginas ; _bIlustraciones, _c20 cm. |
||
| 440 |
_aBiblioteca agrícola aedos 16 _940788 |
||
| 505 | _aContenido : Indicaciones practicas -- Sanidad del gallinero -- Enfermedades contagiosas -- Enfermedades del aparato digestivo -- Enfermedades del aparato respiratorio... | ||
| 650 |
_aAnatomía de las aves _940789 |
||
| 650 |
_aManejo de y peso de los pollos _940790 |
||
| 650 |
_aClases de enfermedades _940791 |
||
| 650 |
_aParásitos internos _940792 |
||
| 942 |
_2ddc _cLIBROS |
||
| 945 |
_awnts _d2019-05-17 |
||